[Event "Saint Denis op"]
[Site "Saint Denis"]
[Date "2022.10.13"]
[Round "6"]
[White "Erudel, Maeva"]
[Black "Sandjivy, Jean Marc"]
[Result "1-0"]
[WhiteElo "1411"]
[BlackElo "1222"]
[PlyCount "67"]
[EventDate "2022.10.13"]
[EventType "swiss"]
[EventRounds "9"]
[EventCountry "RUF"]
[SourceTitle "EXT 2024"]
[Source "ChessBase"]
[SourceDate "2023.10.10"]
[SourceVersion "1"]
[SourceVersionDate "2023.10.10"]
[SourceQuality "1"]

1. d4 e6 2. e3 Nf6 3. Nd2 b6 4. f4 d5 5. Bd3 Nc6 6. c3 Bb7 7. Ngf3 a5 8. Bc2 Ba6 9. h3 Be7 10. Ba4 b5 11. Ne5 Nxe5 12. fxe5 Ne4 13. Nxe4 dxe4 14. Bc2 Bh4+ 15. Kd2 f5 16. exf6 Qxf6 17. Bxe4 Rb8 18. Rf1 Qe7 19. a3 Bf6 20. b4 axb4 21. axb4 Qd6 22. Qh5+ Ke7 23. Ba3 Bb7 24. Qf3 Bxe4 25. Qxe4 h6 26. c4 Ra8 27. cxb5 Rxa3 28. Rxa3 Qxb4+ 29. Rc3 Rb8 30. Rb1 Qa5 31. Qc6 Rd8 32. Qxc7+ Qxc7 33. Rxc7+ Kf8 34. b6 1-0

[Event "Saint Denis op"]
[Site "Saint Denis"]
[Date "2022.10.13"]
[Round "7"]
[White "Giraud, Dimitri"]
[Black "Sandjivy, Jean Marc"]
[Result "0-1"]
[WhiteElo "1054"]
[BlackElo "1222"]
[PlyCount "74"]
[EventDate "2022.10.13"]
[EventType "swiss"]
[EventRounds "9"]
[EventCountry "RUF"]
[SourceTitle "EXT 2024"]
[Source "ChessBase"]
[SourceDate "2023.10.10"]
[SourceVersion "1"]
[SourceVersionDate "2023.10.10"]
[SourceQuality "1"]

1. e4 c5 2. Nc3 Nc6 3. Nf3 d6 4. Bb5 Bd7 5. d3 a6 6. Ba4 b5 7. Bb3 g6 8. a3 Bg7 9. Bd2 b4 10. axb4 cxb4 11. Na4 a5 12. c3 Nf6 13. Qe2 0-0 14. Qe3 Rb8 15. Bd5 Qc7 16. Bxc6 Bxc6 17. 0-0 Qd7 18. Nb6 Qc7 19. Nc4 bxc3 20. bxc3 a4 21. Rab1 Rb7 22. Rb6 Bb5 23. Rxb7 Qxb7 24. Rb1 Qa6 25. Qd4 Rb8 26. Bg5 Nd7 27. e5 a3 28. Bxe7 a2 29. Ra1 Bxc4 30. Rf1 a1Q 31. dxc4 Rb1 32. Nd2 Rxf1+ 33. Nxf1 Qa7 34. Qxd6 Bxe5 35. Qc6 Kg7 36. g3 Qb2 37. Ne3 Bxc3 0-1

[Event "Saint Denis op"]
[Site "Saint Denis"]
[Date "2022.10.13"]
[Round "8"]
[White "Sandjivy, Jean Marc"]
[Black "Lai Cheung Kit, Guillaume"]
[Result "1/2-1/2"]
[WhiteElo "1222"]
[BlackElo "1011"]
[PlyCount "97"]
[EventDate "2022.10.13"]
[EventType "swiss"]
[EventRounds "9"]
[EventCountry "RUF"]
[SourceTitle "EXT 2024"]
[Source "ChessBase"]
[SourceDate "2023.10.10"]
[SourceVersion "1"]
[SourceVersionDate "2023.10.10"]
[SourceQuality "1"]

1. c4 e5 2. Nc3 Nf6 3. e3 d5 4. d4 e4 5. cxd5 Nxd5 6. Qc2 Nxc3 7. bxc3 Bf5 8. Ne2 Bd6 9. c4 Bb4+ 10. Bd2 Bxd2+ 11. Qxd2 0-0 12. Qb2 b6 13. Ng3 Bg6 14. Be2 Nd7 15. Bh5 Bxh5 16. Nxh5 c5 17. dxc5 Qg5 18. Ng3 Nxc5 19. 0-0 Rfe8 20. Rad1 Nd3 21. Qb3 Qe5 22. f3 Nc5 23. Qa3 exf3 24. Rxf3 Red8 25. Qc1 Rxd1+ 26. Qxd1 Rf8 27. Qe2 Ne4 28. Nxe4 Qxe4 29. Rf4 Qc6 30. Qd3 Qa4 31. a3 Qc6 32. Rd4 g6 33. e4 Qc5 34. Kh1 Qg5 35. h3 Qc1+ 36. Kh2 Qf4+ 37. Kg1 Qc1+ 38. Kf2 Qf4+ 39. Ke2 Re8 40. g3 Qe5 41. Qe3 f5 42. Kd3 fxe4+ 43. Rxe4 Qd6+ 44. Ke2 Rxe4 45. Qxe4 Qxa3 46. Qe6+ Kg7 47. Qe5+ Kh6 48. Qf4+ Kg7 49. Qe5+ 1/2-1/2

[Event "St Denis op 21st"]
[Site "St Denis"]
[Date "2019.10.20"]
[Round "5"]
[White "Rajaobelina, Hery"]
[Black "Sandjivy, Jean Marc"]
[Result "1/2-1/2"]
[WhiteElo "1625"]
[BlackElo "1218"]
[PlyCount "62"]
[EventDate "2019.10.20"]
[EventType "swiss"]
[EventRounds "9"]
[EventCountry "RUF"]
[SourceTitle "CBM 192 Extra"]
[Source "Chessbase"]
[SourceDate "2019.11.06"]
[SourceVersion "1"]
[SourceVersionDate "2019.11.06"]
[SourceQuality "1"]

1. e4 c5 2. Nf3 d6 3. c3 Nc6 4. d4 cxd4 5. cxd4 Bg4 6. Bc4 e5 7. Bxf7+ Kxf7 8. Ng5+ Qxg5 9. Bxg5 Bxd1 10. Kxd1 Nxd4 11. Nc3 Be7 12. Be3 Nf6 13. f3 Rhf8 14. Kd2 Kg8 15. Bxd4 exd4 16. Nb5 Nd7 17. Nxd4 Bf6 18. Nf5 Bxb2 19. Rab1 Be5 20. Rxb7 Nc5 21. Rb4 Bf6 22. g4 Rab8 23. Rhb1 Na6 24. Rxb8 Nxb8 25. Ke3 Nc6 26. Nxd6 Bg5+ 27. Kf2 Bf4 28. Nf5 Bxh2 29. Rb7 Be5 30. Ke3 g6 31. Nh6+ Kh8 1/2-1/2

[Event "St Denis op 21st"]
[Site "St Denis"]
[Date "2019.10.20"]
[Round "2"]
[White "Sandjivy, Jean Marc"]
[Black "Khantalina, Ilariya"]
[Result "1-0"]
[WhiteElo "1218"]
[BlackElo "1009"]
[PlyCount "83"]
[EventDate "2019.10.20"]
[EventType "swiss"]
[EventRounds "9"]
[EventCountry "RUF"]
[SourceTitle "CBM 192 Extra"]
[Source "Chessbase"]
[SourceDate "2019.11.06"]
[SourceVersion "1"]
[SourceVersionDate "2019.11.06"]
[SourceQuality "1"]

1. c4 c5 2. Nc3 Nf6 3. e3 e6 4. Nf3 d5 5. d4 cxd4 6. Nxd4 Ne4 7. cxd5 exd5 8. Bb5+ Bd7 9. Bxd7+ Nxd7 10. Qb3 Ndc5 11. Qb5+ Nd7 12. Qxd5 Nxc3 13. bxc3 Be7 14. Qxb7 0-0 15. Nc6 Rb8 16. Nxb8 Nxb8 17. Qxa7 Bf6 18. Bb2 Qd7 19. Qxd7 Nxd7 20. 0-0 Nc5 21. Ba3 Be7 22. Bxc5 Bxc5 23. a4 Bd6 24. a5 Be5 25. Rfc1 Rc8 26. Ra3 Bd6 27. Ra4 Ra8 28. c4 Bc7 29. a6 Be5 30. c5 Bb2 31. Rb1 Bf6 32. Rab4 Be7 33. Rb8+ Rxb8 34. Rxb8+ Bf8 35. a7 g6 36. a8Q Kg7 37. Rxf8 Kh6 38. Qa7 Kg7 39. Qxf7+ Kh6 40. Rh8 Kh5 41. Rxh7+ Kg5 42. Qf4# 1-0

[Event "Reunion op 20th"]
[Site "St Denis"]
[Date "2018.10.18"]
[Round "5"]
[White "Bosi Lagarde, Arthur"]
[Black "Sandjivy, Jean Marc"]
[Result "1-0"]
[WhiteElo "1110"]
[BlackElo "1271"]
[PlyCount "37"]
[EventDate "2018.10.14"]
[EventType "swiss"]
[EventRounds "9"]
[EventCountry "RUF"]
[SourceTitle "CBM 187 Extra"]
[Source "ChessBase"]
[SourceDate "2018.11.04"]
[SourceVersion "1"]
[SourceVersionDate "2018.11.04"]
[SourceQuality "1"]

1. e4 e6 2. Nc3 Nc6 3. Nf3 Bb4 4. Bc4 Bxc3 5. dxc3 Nge7 6. 0-0 d5 7. exd5 exd5 8. Bb3 0-0 9. Bg5 h6 10. Bxe7 Qxe7 11. Qxd5 Rd8 12. Qc4 a5 13. Rfe1 Qd6 14. Qxf7+ Kh8 15. Re8+ Rxe8 16. Qxe8+ Kh7 17. Bf7 h5 18. Qg8+ Kh6 19. Qh8# 1-0

[Event "Reunion op 20th"]
[Site "St Denis"]
[Date "2018.10.16"]
[Round "4"]
[White "Sandjivy, Jean Marc"]
[Black "Calmels, Nicolas"]
[Result "0-1"]
[WhiteElo "1271"]
[BlackElo "1820"]
[PlyCount "68"]
[EventDate "2018.10.14"]
[EventType "swiss"]
[EventRounds "9"]
[EventCountry "RUF"]
[SourceTitle "CBM 187 Extra"]
[Source "ChessBase"]
[SourceDate "2018.11.04"]
[SourceVersion "1"]
[SourceVersionDate "2018.11.04"]
[SourceQuality "1"]

1. c4 c6 2. Nc3 e5 3. e4 Nf6 4. Nf3 Qc7 5. d4 Bb4 6. Qb3 Qb6 7. c5 Bxc3+ 8. Qxc3 exd4 9. Qxd4 Qc7 10. e5 Nd5 11. Bc4 b5 12. Bxd5 cxd5 13. Bf4 Nc6 14. Qxd5 0-0 15. Qe4 Qa5+ 16. Bd2 Qa6 17. 0-0 Ne7 18. Bb4 Bb7 19. Qd3 Ng6 20. c6 Qxc6 21. Bxf8 Nxe5 22. Qf5 Nxf3+ 23. Qxf3 Qa6 24. Qa3 Qg6 25. f3 Rxf8 26. Qxa7 Bc6 27. Qe3 h5 28. Rfd1 f5 29. b3 Re8 30. Qd3 h4 31. h3 Qg3 32. a4 Re6 33. Qxf5 Re2 34. Qg4 Rxg2+ 0-1

[Event "Reunion op 20th"]
[Site "St Denis"]
[Date "2018.10.14"]
[Round "1"]
[White "Klein, Gernot"]
[Black "Sandjivy, Jean Marc"]
[Result "1-0"]
[WhiteElo "1904"]
[BlackElo "1271"]
[PlyCount "79"]
[EventDate "2018.10.14"]
[EventType "swiss"]
[EventRounds "9"]
[EventCountry "RUF"]
[SourceTitle "CBM 187 Extra"]
[Source "ChessBase"]
[SourceDate "2018.11.04"]
[SourceVersion "1"]
[SourceVersionDate "2018.11.04"]
[SourceQuality "1"]

1. e4 e6 2. Qe2 Nc6 3. Nf3 Bc5 4. c3 Nge7 5. d4 Bb6 6. Bg5 0-0 7. g3 Re8 8. Bg2 d6 9. 0-0 h6 10. Be3 Bd7 11. Re1 a6 12. Nbd2 Na7 13. a4 c5 14. Nc4 cxd4 15. Nxd4 e5 16. Nc2 Bxe3 17. N2xe3 Bc6 18. a5 d5 19. Nb6 Rb8 20. exd5 Bd7 21. Red1 Nec8 22. Nxd7 Qxd7 23. Nc4 Rd8 24. Qxe5 Ne7 25. Nb6 Qe8 26. Re1 Ng6 27. Qxe8+ Rxe8 28. Rad1 Rxe1+ 29. Rxe1 Rd8 30. c4 Nc8 31. Nxc8 Rxc8 32. d6 Nf8 33. b3 Ne6 34. Bxb7 Rd8 35. Bxa6 Nc5 36. Bb5 Rxd6 37. b4 Nd3 38. Rd1 Kh7 39. c5 Rd5 40. Rxd3 1-0

[Event "Reunion op 17th"]
[Site "St Denis"]
[Date "2015.10.10"]
[Round "9"]
[White "Genne, Rene"]
[Black "Sandjivy, Jean Marc"]
[Result "0-1"]
[WhiteElo "1727"]
[BlackElo "1320"]
[PlyCount "74"]
[EventDate "2015.10.10"]
[EventType "swiss"]
[EventRounds "9"]
[EventCountry "RUF"]
[SourceTitle "CBM 168 Extra"]
[Source "ChessBase"]
[SourceDate "2015.10.29"]
[SourceVersion "1"]
[SourceVersionDate "2015.10.29"]
[SourceQuality "1"]

1. b4 e5 2. Bb2 Bd6 3. e3 Nf6 4. c4 b6 5. b5 0-0 6. Nf3 Re8 7. Be2 c6 8. 0-0 cxb5 9. cxb5 e4 10. Nd4 Be5 11. Qc2 Bxd4 12. Bxd4 d5 13. d3 Qd6 14. Qc3 Bg4 15. Bxg4 Nxg4 16. g3 Qh6 17. h4 Nd7 18. Kg2 Re6 19. dxe4 dxe4 20. Nd2 Rg6 21. Rh1 f5 22. f3 exf3+ 23. Nxf3 Re8 24. Rae1 Rge6 25. Qb3 Kh8 26. Ng5 Qg6 27. Nxe6 Rxe6 28. Qc3 Qf7 29. Rhf1 Re4 30. Qc8+ Re8 31. Qb7 Qxa2+ 32. Kf3 Nh2+ 33. Kf4 Nxf1 34. Rxf1 Qf7 35. Rc1 Re4+ 36. Kf3 Ne5+ 37. Bxe5 Qxb7 0-1

[Event "Reunion op 17th"]
[Site "St Denis"]
[Date "2015.10.10"]
[Round "6"]
[White "Sandjivy, Jean Marc"]
[Black "Assie, Joel"]
[Result "1-0"]
[WhiteElo "1320"]
[BlackElo "1450"]
[PlyCount "51"]
[EventDate "2015.10.10"]
[EventType "swiss"]
[EventRounds "9"]
[EventCountry "RUF"]
[SourceTitle "CBM 168 Extra"]
[Source "ChessBase"]
[SourceDate "2015.10.29"]
[SourceVersion "1"]
[SourceVersionDate "2015.10.29"]
[SourceQuality "1"]

1. c4 Nf6 2. Nc3 b6 3. Nf3 Bb7 4. d4 e6 5. Bf4 Be7 6. Nb5 d6 7. c5 Nd5 8. Bg3 a6 9. cxd6 cxd6 10. e4 Nc7 11. Nxc7+ Qxc7 12. Rc1 Qd8 13. Qa4+ b5 14. Qc2 0-0 15. Bd3 Qa5+ 16. Qd2 Qxd2+ 17. Nxd2 Nd7 18. 0-0 Nf6 19. Rc7 Nh5 20. Rxe7 Nxg3 21. fxg3 Rab8 22. Nf3 h6 23. e5 d5 24. g4 Rfe8 25. Rc7 Kf8 26. g5 1-0

[Event "Reunion op 17th"]
[Site "St Denis"]
[Date "2015.10.10"]
[Round "2"]
[White "Sandjivy, Jean Marc"]
[Black "Larmet, Nino"]
[Result "1-0"]
[WhiteElo "1320"]
[BlackElo "1099"]
[PlyCount "79"]
[EventDate "2015.10.10"]
[EventType "swiss"]
[EventRounds "9"]
[EventCountry "RUF"]
[SourceTitle "CBM 168 Extra"]
[Source "ChessBase"]
[SourceDate "2015.10.29"]
[SourceVersion "1"]
[SourceVersionDate "2015.10.29"]
[SourceQuality "1"]

1. c4 e5 2. Nc3 Nf6 3. e3 e4 4. Qc2 Qe7 5. d3 exd3 6. Bxd3 b6 7. Nge2 Bb7 8. 0-0 d6 9. Re1 Nbd7 10. Nf4 0-0-0 11. Nfd5 Nxd5 12. cxd5 Nf6 13. e4 g6 14. Bg5 Bg7 15. Bf4 Rhe8 16. e5 dxe5 17. Rxe5 Qc5 18. Rxe8 Rxe8 19. Rc1 Qe7 20. Nb5 Nxd5 21. Nd6+ Kb8 22. Nxe8 Nxf4 23. Nxg7 Qg5 24. g3 Nxd3 25. Rd1 Be4 26. Qc4 Nxb2 27. Rd8+ Kb7 28. Qxe4+ Ka6 29. Qe2+ Kb7 30. Qe4+ Ka6 31. Rd5 Qc1+ 32. Kg2 Qc6 33. Ra5+ Kb7 34. Rxa7+ Kxa7 35. Qxc6 Kb8 36. Ne8 Ka7 37. Nxc7 Kb8 38. Qxb6+ Kc8 39. Na6 Kd7 40. Qxb2 1-0

[Event "Reunion op 16th"]
[Site "St Denis"]
[Date "2014.10.22"]
[Round "5"]
[White "Sandjivy, Jean Marc"]
[Black "Francou, Yvon"]
[Result "0-1"]
[WhiteElo "1366"]
[BlackElo "1670"]
[PlyCount "58"]
[EventDate "2014.10.18"]
[EventType "swiss"]
[EventRounds "9"]
[EventCountry "RUF"]
[SourceTitle "EXT 2015"]
[Source "ChessBase"]
[SourceDate "2014.11.20"]
[SourceVersion "1"]
[SourceVersionDate "2014.11.20"]
[SourceQuality "1"]

1. c4 c6 2. Nc3 d5 3. cxd5 cxd5 4. e3 Nf6 5. d4 Bf5 6. Nf3 e6 7. Be2 Nbd7 8. Nh4 Rc8 9. Nxf5 exf5 10. Qb3 Qa5 11. Bd2 Bb4 12. Rc1 0-0 13. 0-0 a6 14. a3 Bxc3 15. Bxc3 Qb6 16. Qa2 Qe6 17. Bf3 Ne4 18. h3 Rfe8 19. Rfe1 Rc6 20. Be2 Rec8 21. Qb3 Nb6 22. f3 Ng5 23. f4 Qxe3+ 24. Kh1 Qxf4 25. Qd1 Ne4 26. Bf3 Nf2+ 27. Kg1 Nxd1 28. Rcxd1 Rg6 29. Bd2 Qxf3 0-1

[Event "Reunion op 15th"]
[Site "St Denis"]
[Date "2013.10.17"]
[Round "7"]
[White "Sandjivy, Jean Marc"]
[Black "Genne, Rene"]
[Result "1-0"]
[WhiteElo "1361"]
[BlackElo "1771"]
[PlyCount "69"]
[EventDate "2013.10.12"]
[EventType "swiss"]
[EventRounds "9"]
[EventCountry "RUF"]
[SourceTitle "EXT 2014"]
[Source "ChessBase"]
[SourceDate "2013.11.20"]
[SourceVersion "1"]
[SourceVersionDate "2013.11.20"]
[SourceQuality "1"]

1. c4 e5 2. Nc3 Nf6 3. e3 Be7 4. d4 exd4 5. exd4 0-0 6. Nf3 Re8 7. Be2 b6 8. 0-0 Bb7 9. b3 d5 10. Qc2 a6 11. a3 Nbd7 12. Bd3 g6 13. Be3 c5 14. dxc5 Nxc5 15. Bxc5 Bxc5 16. b4 Bf8 17. Qd1 dxc4 18. Bxc4 Qc7 19. Bd5 Rad8 20. Rc1 Qb8 21. Bxf7+ Kxf7 22. Qb3+ Kg7 23. Ng5 Re7 24. Ne6+ Rxe6 25. Qxe6 Rd6 26. Qe5 Qd8 27. h3 Kg8 28. Rfe1 Bc8 29. Ne4 Nxe4 30. Qxe4 Be6 31. Qe2 b5 32. Rcd1 Qc8 33. Rxd6 Bxd6 34. Qxe6+ Qxe6 35. Rxe6 1-0

[Event "Reunion op 15th"]
[Site "St Denis"]
[Date "2013.10.13"]
[Round "3"]
[White "Labrande, Emmanuel"]
[Black "Sandjivy, Jean Marc"]
[Result "1-0"]
[WhiteElo "1499"]
[BlackElo "1361"]
[PlyCount "61"]
[EventDate "2013.10.12"]
[EventType "swiss"]
[EventRounds "9"]
[EventCountry "RUF"]
[SourceTitle "EXT 2014"]
[Source "ChessBase"]
[SourceDate "2013.11.20"]
[SourceVersion "1"]
[SourceVersionDate "2013.11.20"]
[SourceQuality "1"]

1. e4 c5 2. Bc4 d6 3. Nf3 Nc6 4. c3 Nf6 5. Qe2 e6 6. d4 cxd4 7. cxd4 Be7 8. 0-0 0-0 9. Rd1 Re8 10. e5 Nd7 11. Bf4 Qc7 12. Nc3 a6 13. Re1 b5 14. Bd3 Qb6 15. exd6 Bf8 16. Ng5 g6 17. d5 Nd4 18. Qg4 e5 19. Be3 Qxd6 20. Bxd4 Nf6 21. Qf3 Bh6 22. Qg3 Bxg5 23. Bxe5 Qd7 24. Qxg5 Nxd5 25. Qh6 f6 26. Bd4 Bb7 27. Be4 Qe6 28. Bxd5 Bxd5 29. Rxe6 Rxe6 30. Nxd5 Rae8 31. Nxf6+ 1-0

[Event "Reunion op 14th"]
[Site "St Denis"]
[Date "2012.10.12"]
[Round "8"]
[White "Sandjivy, Jean Marc"]
[Black "Francois, Robert"]
[Result "1/2-1/2"]
[WhiteElo "1392"]
[BlackElo "1530"]
[PlyCount "58"]
[EventDate "2012.10.06"]
[EventType "swiss"]
[EventRounds "9"]
[EventCountry "RUF"]
[SourceTitle "EXT 2013"]
[Source "ChessBase"]
[SourceDate "2012.11.22"]
[SourceVersion "1"]
[SourceVersionDate "2012.11.22"]
[SourceQuality "1"]

1. c4 c5 2. Nc3 Nc6 3. g3 Nf6 4. Bg2 e6 5. d3 Be7 6. b3 d5 7. cxd5 exd5 8. e3 0-0 9. Bb2 Bg4 10. Qd2 a6 11. Rc1 Be6 12. Nce2 Nd7 13. Nf4 d4 14. Nxe6 fxe6 15. Bxc6 bxc6 16. Nh3 Ne5 17. Qe2 Nf3+ 18. Kf1 Qa5 19. Rc2 Qxa2 20. exd4 Qxb3 21. Nf4 Nxd4 22. Bxd4 cxd4 23. Nxe6 Rf6 24. Nxd4 Qd5 25. Rg1 Qxd4 26. Qxe7 Qxd3+ 27. Re2 Raf8 28. Kg2 Qd5+ 29. Kf1 Qd1+ 1/2-1/2

[Event "Reunion op 13th"]
[Site "St Denis"]
[Date "2011.10.08"]
[Round "9"]
[White "Tournebise, Hubert"]
[Black "Sandjivy, Jean Marc"]
[Result "1-0"]
[WhiteElo "1450"]
[BlackElo "1396"]
[PlyCount "59"]
[EventDate "2011.10.01"]
[EventType "swiss"]
[EventRounds "9"]
[EventCountry "RUF"]
[SourceTitle "EXT 2012"]
[Source "ChessBase"]
[SourceDate "2011.11.24"]
[SourceVersion "1"]
[SourceVersionDate "2011.11.24"]
[SourceQuality "1"]

1. e4 c5 2. Nc3 Nc6 3. Bb5 d6 4. Nf3 Bd7 5. d3 e6 6. 0-0 Be7 7. Re1 Nd4 8. Bxd7+ Qxd7 9. Nxd4 cxd4 10. Ne2 e5 11. c3 dxc3 12. bxc3 Nf6 13. Ng3 0-0 14. d4 exd4 15. cxd4 Rfd8 16. d5 Ng4 17. Nf5 Ne5 18. Bb2 g6 19. Nxe7+ Qxe7 20. Qd4 Qg5 21. Re3 Rdc8 22. Rc3 Rxc3 23. Qxc3 Qd8 24. Rc1 f6 25. f4 Nd7 26. g4 Qe7 27. Re1 Re8 28. g5 f5 29. Qh8+ Kf7 30. Qg7# 1-0

[Event "Reunion op 13th"]
[Site "St Denis"]
[Date "2011.10.07"]
[Round "8"]
[White "Pawlak, Roland"]
[Black "Sandjivy, Jean Marc"]
[Result "1-0"]
[WhiteElo "1480"]
[BlackElo "1396"]
[PlyCount "81"]
[EventDate "2011.10.01"]
[EventType "swiss"]
[EventRounds "9"]
[EventCountry "RUF"]
[SourceTitle "EXT 2012"]
[Source "ChessBase"]
[SourceDate "2011.11.24"]
[SourceVersion "1"]
[SourceVersionDate "2011.11.24"]
[SourceQuality "1"]

1. e4 c5 2. Nf3 d6 3. d4 cxd4 4. Nxd4 Bd7 5. Nc3 Nc6 6. Nxc6 Bxc6 7. Bb5 Bxb5 8. Nxb5 Qa5+ 9. Nc3 e5 10. Qd5 Qc7 11. 0-0 Nf6 12. Qb5+ Nd7 13. Nd5 Qc8 14. Bg5 a6 15. Qa4 b5 16. Qa5 Ra7 17. Be3 Nc5 18. b4 Nb7 19. Qb6 Ra8 20. Nc7+ Kd7 21. Nxa8 Qxa8 22. Rfd1 Be7 23. Rd2 Rc8 24. Rad1 Rc6 25. Qa7 Qc8 26. f4 f6 27. fxe5 fxe5 28. Rf1 h6 29. Rf7 g5 30. h4 gxh4 31. Bxh6 Ke6 32. Qf2 Kd7 33. Bg5 Kc7 34. Rxe7+ Kb8 35. Qf7 Nd8 36. Qg8 h3 37. Re8 Kb7 38. Rxd8 Qg4 39. Rb8+ Ka7 40. Ra8+ Kb7 41. Qb8# 1-0